000 00404nam a2200157Ia 4500
008 230917s9999||||xx |||||||||||||| ||und||
040 _e47683
_aMAIN
041 _aEnglish
082 _a823.09 J781W
100 _aJosipovici, Gabriel
245 4 _aThe world and the book: a study of modern fiction
250 _a2nd ed.
260 _aLondon
_bMacmillan
_c1979
300 _axxi, 318 p.
942 _cBK
999 _c200026
_d200026